[Event "1st It B"]
[Site "Salou ESP"]
[Date "2000.10.23"]
[Round "8"]
[White "Terreu Serra,F"]
[Black "Fernandez Fuentes,F"]
[Result "1/2-1/2"]
[WhiteElo "2169"]
[BlackElo "2101"]

1.c4 b6 2.Nc3 Bb7 3.d4 e6 4.a3 d5 5.cxd5 exd5 6.Nf3 Nf6 7.g3 Be7 8.Bg2 O-O
9.O-O c5 10.dxc5 bxc5 11.Ne5 Na6 12.Qb3 Rb8 13.Rd1 Bd6 14.f4 d4 15.Bxb7 Qc7
16.Nd5 Nxd5 17.Qxd5 Rxb7 18.Qc4 Bxe5 19.fxe5 Qb6 20.Bf4 Nc7 21.b4 cxb4 22.Qxd4 b3
23.Qxb6 Rxb6 24.Rab1 Ne6 25.Rd3 Rfb8 26.Be3 R6b7 27.Kf2 Kf8 28.Bd2 Ke8 29.Bb4 Rb5
30.Bd6 R8b6 31.a4 Ra5 32.Rdxb3 Rxb3 33.Rxb3 Rxa4 34.Rb7 a5  1/2-1/2

[Event "Tenkes Kupa"]
[Site "Harkany HUN"]
[Date "2000.11.17"]
[Round "2"]
[White "Kaposztas,M"]
[Black "Frank,J1"]
[Result "1-0"]
[WhiteElo "2219"]
[BlackElo "2081"]

1.c4 b6 2.Nc3 Bb7 3.e4 e6 4.a3 g6 5.d4 Bg7 6.Nge2 Ne7 7.d5 O-O 8.Be3 d6 9.Qd2 exd5
10.cxd5 f5 11.f3 Ba6 12.Nd4 Bxd4 13.Bxd4 Bxf1 14.Rxf1 Nd7 15.O-O-O Nc5 16.Qc2 a5
17.Kb1 Qd7 18.e5 dxe5 19.Bxe5 Nc8 20.Bd4 Na6 21.h4 Nd6 22.h5 g5 23.Rfe1 Rfe8
24.Re2 Rxe2 25.Qxe2 b5 26.Qe5  1-0

[Event "TCh-FIN 00-01"]
[Site "FIN"]
[Date "2000.11.19"]
[Round "5"]
[White "Hentunen,A"]
[Black "Linnanen,L"]
[Result "1-0"]
[WhiteElo "2346"]
[BlackElo "2189"]

1.c4 b6 2.e4 Bb7 3.Nc3 c5 4.Nf3 d6 5.d4 cxd4 6.Nxd4 Nf6 7.f3 g6 8.b3 Bg7
9.Bb2 O-O 10.Qd2 Nc6 11.Nc2 a6 12.O-O-O Ne5 13.Be2 b5 14.cxb5 axb5 15.Bxb5 Qa5
16.a4 Rfc8 17.Kb1 Bh6 18.Qxh6 Rxc3 19.Bxc3 Qxc3 20.Qe3 Qa5 21.Qd2 Qa7 22.Qd4 Qb8
23.Nb4 Nfd7 24.f4 Nc5 25.fxe5 Nxb3 26.Qc4 Nc5 27.Rhe1 Nxa4 28.exd6 exd6 29.Bxa4 Rxa4
30.Rd4 d5 31.exd5 Bxd5 32.Qc3 Ba2+ 33.Kc1 Qa8 34.Red1  1-0

[Event "2nd Viking GMB"]
[Site "York ENG"]
[Date "2000.12.13"]
[Round "1"]
[White "McNab,C"]
[Black "Quinn,M"]
[Result "1-0"]
[WhiteElo "2416"]
[BlackElo "2381"]

1.c4 b6 2.Nc3 e6 3.e4 Bb7 4.Nge2 d6 5.d4 c5 6.d5 exd5 7.exd5 a6 8.Ng3 g6
9.Bd3 Nd7 10.O-O Bg7 11.Re1+ Kf8 12.Nge4 Ne5 13.Bf1 h5 14.h3 Qc7 15.Bf4 Nh6
16.Rb1 Nf5 17.b4 cxb4 18.Rxb4 h4 19.Qb1 Nd7 20.Na4 a5 21.Rb5 Bd4 22.c5 Bxd5
23.cxb6 Qc6 24.b7 Rb8 25.Rc1 Bxe4 26.Rxc6 Bxb1 27.Rxb1 Ke7 28.Ba6 Rhd8 29.Re1+ Ne5
30.Rc8 Kd7 31.Rec1 Ne7 32.Bb5+ Ke6 33.Rxd8 Rxd8 34.Bd2 Rb8 35.Ba6 N7c6 36.Kf1 Kd7
37.f4 f6 38.fxe5 fxe5 39.Bb5 Rf8+ 40.Ke1  1-0

[Event "Czech Extra League 2000-1"]
[Site "CZE"]
[Date "2000.12.17"]
[Round "3"]
[White "Vokac,M"]
[Black "Chernyshov,K"]
[Result "1/2-1/2"]
[WhiteElo "2523"]
[BlackElo "2536"]

1.c4 b6 2.Nc3 Bb7 3.e4 e6 4.Nf3 Bb4 5.Bd3 Ne7 6.O-O O-O 7.a3 Bxc3 8.dxc3 Ng6
9.Nd4 d6 10.Re1 Nd7 11.Bf1 Qe7 12.f3 Rfd8 13.Be3 c5 14.Nc2 Nf6 15.Bf2 Bc6
16.Ne3 Qb7 17.b4 Qd7 18.b5 Bb7 19.Qb3 a6  1/2-1/2

[Event "2nd Viking GMB"]
[Site "York ENG"]
[Date "2000.12.19"]
[Round "7"]
[White "Quinn,M"]
[Black "Summerscale,A"]
[Result "1-0"]
[WhiteElo "2381"]
[BlackElo "2459"]

1.c4 b6 2.Nc3 Bb7 3.d4 e6 4.e4 Bb4 5.Qc2 Qh4 6.Bd3 Bxc3+ 7.bxc3 f5 8.g3 Qh5
9.f3 Nf6 10.e5 Ng8 11.Qe2 Ne7 12.h4 c5 13.Rh2 Nec6 14.Bb2 Na6 15.g4 fxg4
16.fxg4 Qf7 17.Rf2 Qe7 18.Nf3 cxd4 19.cxd4 O-O-O 20.a3 h6 21.Bc3 d6 22.c5 dxe5
23.Bxa6 exd4 24.Bd2 Rd7 25.Qb5 Nd8 26.Ne5 Rd5 27.Ng6  1-0

[Event "Christmas Open"]
[Site "Zurich SUI"]
[Date "2000.12.28"]
[Round "4"]
[White "Haas,C"]
[Black "Tischbierek,R"]
[Result "1/2-1/2"]
[WhiteElo "2227"]
[BlackElo "2521"]

1.c4 b6 2.Nf3 Bb7 3.g3 Bxf3 4.exf3 e6 5.f4 g6 6.Bg2 c6 7.O-O Bg7 8.d4 d5
9.Nc3 Ne7 10.cxd5 cxd5 11.g4 h5 12.h3 Nbc6 13.Be3 Rc8 14.Bf3 Qd6 15.Qd2 hxg4
16.hxg4 g5 17.Kg2 Ng6 18.Ne2 Bh6 19.Rh1 gxf4 20.Nxf4 Nxf4+ 21.Kf1 e5 22.dxe5 Qxe5
23.Rxh6 Ne6 24.Rxh8+ Qxh8 25.Qxd5 Ne7 26.Qb5+ Kf8 27.Kg2 Nd4 28.Bxd4 Qxd4
29.Rd1 Qf6 30.Qb4 Rc2 31.Rd6 Qe5 32.Rd4 Qe3 33.Rd8+ Kg7 34.Qd4+ Qxd4 35.Rxd4 a5
36.b4 Rxa2 37.Rd7 Kf8 38.Rb7 axb4 39.Rxb6 Rb2 40.Be4  1/2-1/2

[Event "1st Wilhelm Steinitz Mem"]
[Site "Prague CZE"]
[Date "2000.12.30"]
[Round "5"]
[White "Vokac,M"]
[Black "Chernyshov,K"]
[Result "0-1"]
[WhiteElo "2523"]
[BlackElo "2536"]

1.c4 b6 2.Nc3 Bb7 3.e4 e6 4.Nf3 Bb4 5.Bd3 Ne7 6.O-O O-O 7.Re1 Ng6 8.a3 Bxc3
9.dxc3 e5 10.Nd2 Nf4 11.Bf1 a5 12.a4 Ne6 13.Bd3 Nf4 14.Bf1 d6 15.b3 Nd7 16.Ra2 Nc5
17.Re3 Qd7 18.g3 Nh3+ 19.Bxh3 Qxh3 20.g4 Qh4 21.h3 g6 22.b4 Ne6 23.Nf3 Qe7
24.Nh2 Kh8 25.Qe1 f5 26.exf5 gxf5 27.gxf5 Rxf5 28.Rg3 Qd7 29.b5 Nf4 30.Ng4 Qe6
31.Bxf4 Rxf4 32.Ne3 Raf8 33.Rd2 Rf3 34.Kh2 Qf7 35.Kg1 Qf4 36.c5 bxc5 37.c4 Qe4
38.Kh2 Rxg3 39.fxg3 Rf3 40.Ng2 Qxc4 41.b6 Qf7 42.bxc7 Qxc7 43.Qd1 Rf6 44.Ne3 Qf7
45.Qe2 c4 46.g4 c3 47.Rc2 Be4 48.Nf5 Bxf5 49.gxf5 Rxf5 50.Qe1 Rg5 51.Rf2 Qc4
52.Rf8+ Kg7 53.Qf2 Rg6 54.Ra8 Qf4+ 55.Qxf4 exf4 56.Rxa5 Kf6 57.Ra6 Ke5 58.Rc6 Kd4
59.a5 f3  0-1

[Event "Troll Masters"]
[Site "Gausdal NOR"]
[Date "2001.01.06"]
[Round "2"]
[White "Baekgaard,M"]
[Black "Johannessen,LE"]
[Result "0-1"]
[WhiteElo "2207"]
[BlackElo "2416"]

1.c4 b6 2.d4 e6 3.Nf3 Bb7 4.e3 Nf6 5.Bd3 d5 6.O-O Nbd7 7.b3 Bd6 8.Bb2 O-O
9.Nc3 a6 10.Rc1 Qe7 11.Qe2 Ne4 12.Nd1 dxc4 13.bxc4 f5 14.a4 Qe8 15.Ne1 Ndf6
16.Bc2 Bxh2+  0-1

[Event "Troll Masters"]
[Site "Gausdal NOR"]
[Date "2001.01.08"]
[Round "4"]
[White "Ekeberg,C"]
[Black "Johannessen,LE"]
[Result "0-1"]
[WhiteElo "2104"]
[BlackElo "2416"]

1.c4 b6 2.Nc3 Bb7 3.e4 e6 4.g3 f5 5.Bg2 Nf6 6.Qc2 Bc5 7.Nge2 fxe4 8.Nxe4 Nxe4
9.Bxe4 Bxe4 10.Qxe4 Nc6 11.d4 Bb4+ 12.Kf1 O-O 13.Be3 Qf6 14.a3 Bd2 15.Kg2 Bxe3
16.Qxe3 e5 17.Rad1 exd4 18.Nxd4 Rae8 19.Qf3 Qxd4  0-1

[Event "Troll Masters"]
[Site "Gausdal NOR"]
[Date "2001.01.08"]
[Round "4"]
[White "Baekgaard,M"]
[Black "Reefat,S"]
[Result "0-1"]
[WhiteElo "2207"]
[BlackElo "2458"]

1.c4 b6 2.Nc3 Bb7 3.e4 e6 4.Nge2 c5 5.g3 d6 6.Bg2 Nf6 7.O-O Nbd7 8.d3 a6
9.h3 Qc7 10.Be3 Be7 11.f4 d5 12.cxd5 exd5 13.e5 d4 14.Bxb7 Qxb7 15.exf6 Nxf6
16.Nxd4 cxd4 17.Bxd4 Qd7 18.Bxf6 Bxf6 19.Qe2+ Kf8 20.Kh2 h5 21.Rae1 Rh6 22.Ne4 Bd4
23.Ng5 Rc8 24.Qd2 Rd6 25.Re2 h4 26.g4 Bc5 27.Rd1 Rd8 28.b4 Qb5 29.a4 Qxb4
30.Qxb4 Bxb4 31.Re3 Bc5 32.Rf3 Rd4 33.f5 Be7 34.Nh7+ Kg8 35.f6  0-1

[Event "Troll Masters"]
[Site "Gausdal NOR"]
[Date "2001.01.09"]
[Round "6"]
[White "Hansen,TR"]
[Black "Rasmussen,C"]
[Result "1-0"]
[WhiteElo "2178"]
[BlackElo "2303"]

1.c4 b6 2.Nf3 Bb7 3.g3 Bxf3 4.exf3 c5 5.d4 cxd4 6.Qxd4 Nc6 7.Qd2 e6 8.Nc3 Nf6
9.Bg2 d5 10.cxd5 Nxd5 11.Nxd5 Qxd5 12.Qxd5 exd5 13.O-O Bc5 14.f4 Ne7 15.Rd1 Rd8
16.b3 O-O 17.a3 a5 18.Rb1 Rfe8 19.b4 axb4 20.axb4 Bd6 21.Be3 b5 22.Rd3 Kf8
23.Kf1 Rd7 24.Bf3 Rb8 25.h4 Rdd8 26.h5 h6 27.Ba7 Rb7 28.Bd4 Rbb8 29.Bg2 Rd7
30.Be5 Bxe5 31.fxe5 Ra8 32.Rc3 Rc8 33.Rxc8+ Nxc8 34.Rc1 Nb6 35.Rc5 Nc4 36.Rxb5 d4
37.Rc5 Nb2 38.Rc8+ Ke7 39.Bc6 d3 40.Bxd7 Kxd7 41.Rc5  1-0

[Event "Troll Masters"]
[Site "Gausdal NOR"]
[Date "2001.01.09"]
[Round "6"]
[White "Ekeberg,C"]
[Black "Berg Jensen,J"]
[Result "0-1"]
[WhiteElo "2104"]
[BlackElo "2231"]

1.c4 b6 2.Nc3 Bb7 3.e4 e6 4.Nge2 Be7 5.g3 f5 6.Bg2 Nf6 7.d3 O-O 8.O-O fxe4
9.dxe4 Bc5 10.h3 Kh8 11.Rb1 a5 12.a3 Nc6 13.e5 Ng8 14.Nf4 Rb8 15.Nd3 Qe7
16.Ne4 Bd4 17.Bf4 Nh6 18.Qe2 Nf7 19.Nd2 Kg8 20.h4 Nh8 21.Nb3 Bc5 22.Ndxc5 bxc5
23.Qe3 Ng6 24.Bg5 Qf7 25.Nxc5 Ngxe5 26.Bf4 Nxc4 27.Qc3 e5 28.Be3 Nd4 29.Bxd4 Bxg2
30.Kxg2 Qd5+ 31.Kg1 exd4 32.Qc2 Qxc5 33.Rbc1 d5 34.b3 Qxa3 35.bxc4 Rb2 36.Qd1 Rbxf2
37.Rxf2 Qxg3+ 38.Kh1 Rxf2 39.Qg1 Qh3+ 40.Qh2 Qxh2+  0-1

[Event "Troll Masters"]
[Site "Gausdal NOR"]
[Date "2001.01.10"]
[Round "7"]
[White "Hansen,TR"]
[Black "Krakops,M"]
[Result "1/2-1/2"]
[WhiteElo "2178"]
[BlackElo "2519"]

1.c4 b6 2.Nf3 Bb7 3.g3 Bxf3 4.exf3 c5 5.d4 cxd4 6.Qxd4 Nc6 7.Qd2 e6 8.Bg2 Bb4
9.Nc3 Qf6 10.O-O Bxc3 11.bxc3 Na5 12.Rd1 Qe7 13.Qd4 Nf6 14.Bf4 Rc8 15.Bd6 Qd8
16.c5 Nb7 17.cxb6 Nxd6 18.Qxd6 Qxb6 19.Qxb6 axb6 20.Rdb1 Rb8 21.f4 Ke7 22.Rb4 Rhc8
23.a4 d5 24.Ra3 g6 25.f3 Ne8 26.Bf1 Nd6 27.Ba6 Rc6 28.Kf2 Ra8 29.Be2 Kd8
30.Ke3 Ra5 31.Rab3 Kc7 32.Kd2 Ra7 33.Bd3 Rc5 34.Ke3 Rca5 35.Rxb6 Rxa4 36.R6b4 Ra1
37.c4 dxc4 38.Bxc4 R7a2 39.Be2 Rc1 40.Rb2 Rc2 41.Rxc2+ Rxc2 42.Kf2 Ra2 43.Rb1 Nf5
44.Rc1+ Kd6 45.Rd1+ Kc5 46.Rc1+ Kd6 47.Rd1+ Ke7 48.Rd3 Kf6 49.Rd7 Ne7 50.Rc7 Nd5
51.Rc4 Rb2 52.Rc1 Ke7 53.Kf1 Nb4 54.Rc7+ Kf6 55.Rb7 Rb1+ 56.Kg2 Rb2  1/2-1/2

[Event "TCh-FIN 00-01"]
[Site "FIN"]
[Date "2001.01.13"]
[Round "6"]
[White "Jouhki,Y"]
[Black "Hentunen,A"]
[Result "0-1"]
[WhiteElo "2275"]
[BlackElo "2346"]

1.c4 b6 2.Nc3 Bb7 3.d4 e6 4.a3 Nf6 5.Nf3 d5 6.cxd5 Nxd5 7.e3 Bd6 8.Bd3 Nd7
9.Ne4 Be7 10.O-O O-O 11.Re1 Rc8 12.b4 c5 13.bxc5 bxc5 14.dxc5 Nxc5 15.Nxc5 Rxc5
16.Bb2 Nc3 17.Qc2 Bxf3 18.gxf3 Ne4 19.Qd1 Nxf2 20.Kxf2 Bh4+ 21.Kf1 Bxe1 22.Kxe1 Rd5
23.Ke2 Qb8 24.Bd4 Qxh2+ 25.Ke1 e5 26.Be4 Rd6 27.Bc5 Qg1+ 28.Ke2 Qg2+ 29.Ke1 Rh6
30.Qe2 Rh1+ 31.Kd2 Rd8+ 32.Bd3 Qxe2+ 33.Kxe2 Rxa1 34.e4 h5 35.Bb5 h4 36.Be7 Rb8  0-1

[Event "Yateley Manor Int"]
[Site "Camberley ENG"]
[Date "2001.02.03"]
[Round "7"]
[White "Forbes,C"]
[Black "Bigg,A"]
[Result "1/2-1/2"]
[WhiteElo "2073"]
[BlackElo "2157"]

1.c4 b6 2.Nc3 e6 3.Nf3 Bb7 4.g3 Bxf3 5.exf3 c5 6.f4 Nc6 7.Bg2 Nd4 8.Bxa8 Qxa8
9.f3 Nxf3+ 10.Kf2 Nd4 11.d3 g6 12.Nb5 Nxb5 13.cxb5 Bg7 14.Qf3 d5 15.Rb1 Ne7
16.b4 Nf5 17.bxc5 Bd4+ 18.Kg2 bxc5 19.h4 Qd8 20.Bd2 O-O 21.h5 e5 22.Rbe1 exf4
23.Qxf4 Qd7 24.a4 Bg7  1/2-1/2

[Event "Belgian Interteams 2000-1"]
[Site "BEL"]
[Date "2001.02.18"]
[Round "9"]
[White "Beeckmans,F"]
[Black "Welling,G"]
[Result "0-1"]
[WhiteElo "2293"]
[BlackElo "2385"]

1.c4 b6 2.Nf3 Bb7 3.g3 Bxf3 4.exf3 c5 5.d4 Nc6 6.d5 Nd4 7.Be3 Nf5 8.Bd3 Ngh6
9.g4 Nxe3 10.fxe3 e6 11.h4 Bd6 12.g5 Nf5 13.Bxf5 exf5 14.f4 O-O 15.Nc3 Re8
16.Qf3 a6 17.a4 b5 18.axb5 axb5 19.Kd2 bxc4 20.Rxa8 Qxa8 21.Qf1 Qb8 22.Qb1 Bc7
23.Qa2 g6 24.Rc1 Rxe3 25.Kxe3 Bxf4+ 26.Kf3 Bxc1 27.Qxc4 Bxb2 28.Ne2 d6 29.Qa4 Be5
30.h5 gxh5 31.Ng3 Bxg3 32.Kxg3 Qb4 33.Qe8+ Kg7 34.Qd8 Qg4+ 35.Kh2 Qf4+ 36.Kg1 Qe5  0-1

[Event "It Women"]
[Site "Tel Aviv ISR"]
[Date "2001.02.23"]
[Round "4"]
[White "Botvinnik,Ir"]
[Black "Igla,B"]
[Result "1-0"]
[WhiteElo "2180"]
[BlackElo "2117"]

1.c4 b6 2.Nf3 Bb7 3.Nc3 e6 4.g3 f5 5.Bg2 Nf6 6.O-O g6 7.d4 Bg7 8.d5 Qc8 9.Bf4 Na6
10.dxe6 dxe6 11.Qa4+ Qd7 12.Nb5 O-O 13.Ne5 Qc8 14.Nc6 Rf7 15.Rfd1 Qe8 16.Ne5 Nc5
17.Qa3 Re7 18.Bxb7 Nxb7 19.Nxg6 hxg6 20.Nxc7 Rxc7 21.Bxc7 Ne4 22.f3 Ng5 23.h4 Nf7
24.Bf4 Na5 25.Rac1 Nc6 26.Be3 Qb8 27.Kg2 Qe5 28.Rc2 Rc8 29.Bf4 Qf6 30.Qa6 Re8
31.Rcd2 e5 32.Be3 f4 33.Bf2 e4 34.fxe4 fxg3 35.Bxg3 Rxe4 36.Qc8+ Kh7 37.Rf1 Qe7
38.Qxc6 Nh6 39.Rf4 Re3 40.Bf2 Re6 41.Qf3 Be5 42.Re4 Nf5 43.Rg4 Nh6 44.Rg5 Nf7
45.Qg4 Nxg5 46.hxg5 Bg7 47.b3 Re4 48.Qh3+ Kg8 49.Qc8+ Kh7 50.Rd3 Qxg5+ 51.Rg3 Qf6
52.Rh3+ Bh6 53.Qd7+ Re7 54.Qd2 g5 55.Bd4 Qg6 56.Re3 Rf7 57.Qd3 Qxd3 58.exd3 Kg6
59.Re6+ Kh5 60.Bf2 Bg7 61.d4 Kg4 62.d5 Kf5 63.Re2 Rd7 64.Bg3 Bd4 65.a3 Bg7
66.Kf3 Bf8 67.b4 Be7 68.Re5+ Kf6 69.Kg4 Kg6 70.Re6+ Kf7 71.Kf5 Bd8 72.Rd6 Ke7
73.Rh6 Kf7 74.Be5 Be7 75.Rh7+ Ke8 76.Ke6 Rb7 77.d6  1-0

[Event "Open"]
[Site "Cappelle la Grande FRA"]
[Date "2001.02.28"]
[Round "6"]
[White "Bunzmann,D"]
[Black "Kengis,E"]
[Result "1/2-1/2"]
[WhiteElo "2500"]
[BlackElo "2586"]

1.c4 b6 2.d4 Bb7 3.Nc3 e6 4.e4 Bb4 5.f3 Qh4+ 6.g3 Qe7 7.Bg2 Bxc3+ 8.bxc3 d6
9.Nh3 Nf6 10.O-O e5 11.Bg5 Nbd7 12.Qa4 O-O 13.Rae1 h6 14.Bc1 c5 15.d5 a6
16.Qb3 b5 17.a4 b4 18.cxb4 cxb4 19.Qxb4 Nc5 20.Qa3 a5 21.Be3 Nfd7 22.Rb1 Ba6
23.Rfc1 Rfb8 24.Bf1 Qd8 25.Nf2 Rxb1 26.Rxb1 Rb8 27.Rxb8 Qxb8 28.Nd3 Qb1 29.Bxc5 Nxc5
30.Nxc5 Qb6 31.f4 f6 32.fxe5 fxe5 33.Kg2 Qxc5 34.Qxc5  1/2-1/2

[Event "5th United Insurance"]
[Site "Dhaka BAN"]
[Date "2001.02.28"]
[Round "9"]
[White "Rausis,I"]
[Black "Reefat,S"]
[Result "0-1"]
[WhiteElo "2525"]
[BlackElo "2458"]

1.c4 b6 2.d4 Bb7 3.a3 e6 4.Nc3 f5 5.d5 Nf6 6.g3 Na6 7.Bg2 Nc5 8.Nh3 Bd6 9.O-O Be5
10.Bd2 Nfe4 11.Nxe4 Nxe4 12.Rb1 O-O 13.Bb4 Re8 14.f3 Nd6 15.f4 Bf6 16.Bxd6 cxd6
17.e4 Qc7 18.Qd3 Qc5+ 19.Nf2 Rac8 20.b3 fxe4 21.Bxe4 exd5 22.cxd5 h6 23.Rbd1 Qxa3
24.Ng4 Qc5+ 25.Rf2 Qc3 26.Nxf6+ Qxf6 27.Re2 Rc3 28.Bh7+ Kf8 29.Rxe8+ Kxe8
30.Re1+ Kd8 31.Qe4 Qf7 32.Bf5 Rc5 33.Bg6 Qxd5 34.Qxd5 Bxd5 35.b4 Rb5 36.Re8+ Kc7
37.Re7 Rxb4 38.Rxg7 a5 39.Be8 Bc6 40.f5 a4  0-1

[Event "It Women"]
[Site "Tel Aviv ISR"]
[Date "2001.02.28"]
[Round "8"]
[White "Pitam,E"]
[Black "Igla,B"]
[Result "1-0"]
[WhiteElo "2258"]
[BlackElo "2117"]

1.c4 b6 2.Nc3 Bb7 3.Nf3 Nf6 4.g3 Bxf3 5.exf3 d5 6.d4 e6 7.Bg2 c6 8.cxd5 Nxd5
9.O-O Be7 10.f4 O-O 11.Qf3 Bf6 12.Be3 Na6 13.f5 Nac7 14.Rac1 Rc8 15.Ne4 Nb5
16.Rfd1 exf5 17.Qxf5 Be7 18.Qh5 Nxe3 19.fxe3 f5 20.a4 Nd6 21.Nf2 Qd7 22.Qf3 Bg5
23.Nd3 Ne4 24.Ne5 Qd5 25.Bf1 Nd6 26.Rc3 Qxf3 27.Nxf3 Bh6 28.Ne5 Rfe8 29.Kg2 c5
30.dxc5 Rxc5 31.Rxc5 bxc5 32.Nd7 Ne4 33.Bb5 Kf7 34.Rd3 Re7 35.Bc4+ Ke8 36.Nb8 Rb7
37.Bb5+ Kf7 38.Nc6 g6 39.Nd8+ Ke7 40.Nxb7  1-0

[Event "5th United Insurance"]
[Site "Dhaka BAN"]
[Date "2001.03.04"]
[Round "13"]
[White "Miezis,N"]
[Black "Rahman,Zia"]
[Result "1-0"]
[WhiteElo "2532"]
[BlackElo "2447"]

1.c4 b6 2.Nc3 e6 3.e4 Bb7 4.Nge2 g6 5.g3 Bg7 6.Bg2 Ne7 7.h4 O-O 8.h5 c5 9.d3 Nbc6
10.g4 Ne5 11.Ng3 f5 12.hxg6 hxg6 13.gxf5 Nxf5 14.Nxf5 gxf5 15.f4 Ng4 16.Bf3 Nh6
17.Qe2 a6 18.Bd2 b5 19.O-O-O bxc4 20.Qg2 Qf6 21.Rdg1 Ng4 22.dxc4 fxe4 23.Bxg4 e3
24.Qxb7 exd2+ 25.Kd1 Qd4 26.Ne2 Rab8 27.Nxd4 Rxb7 28.Nxe6  1-0

[Event "KPMG Weekender"]
[Site "Zwolle NED"]
[Date "2001.03.10"]
[Round "3"]
[White "Simutowe,A"]
[Black "Lalic,B"]
[Result "0-1"]
[WhiteElo "2462"]
[BlackElo "2531"]

1.c4 b6 2.Nc3 Bb7 3.d4 e6 4.e4 Bb4 5.Bd3 f5 6.exf5 Bxg2 7.Qh5+ Kf8 8.Ne2 Bxh1
9.f3 Qe8 10.Qh3 e5 11.dxe5 Nc6 12.f6 Qxe5 13.Bf4 Bxc3+ 14.bxc3 Qxf6 15.O-O-O Re8
16.Rxh1 Rxe2 17.Bxe2 Qxf4+ 18.Kc2 Nf6  0-1

[Event "FSIMA March"]
[Site "Budapest HUN"]
[Date "2001.03.14"]
[Round "11"]
[White "Nemeth,Z"]
[Black "Jamrich,G"]
[Result "1-0"]
[WhiteElo "2319"]
[BlackElo "2283"]

1.c4 b6 2.Nf3 Bb7 3.g3 e6 4.Bg2 f5 5.O-O Nf6 6.d3 Be7 7.Nc3 O-O 8.a3 a5 9.Rb1 Na6
10.b3 Qe8 11.Qc2 Qh5 12.Na2 Ng4 13.h3 Nh6 14.Bxh6 Qxh6 15.b4 axb4 16.axb4 f4
17.g4 Bxf3 18.exf3 Qf6 19.Rfe1 c6 20.Bf1 h5 21.d4 hxg4 22.hxg4 Nc7 23.Nc3 Kf7
24.d5 Rh8 25.dxc6 dxc6 26.Bg2 Rh4 27.Qe4 Rah8 28.Ne2 g5 29.Qxc6 Rh2 30.Kf1 Ne8
31.Qxb6 Nd6 32.Qa6 Ne4 33.fxe4 f3 34.Bxf3 Qxf3 35.Qxe6+ Ke8 36.Qg6+ Kd8 37.Red1+ Kc7
38.Qc6+ Kb8 39.Qb5+  1-0

[Event "Open"]
[Site "Bled SLO"]
[Date "2001.03.25"]
[Round "2"]
[White "Dobrotka,M"]
[Black "Barle,J"]
[Result "0-1"]
[WhiteElo "2183"]
[BlackElo "2383"]

1.c4 b6 2.Nc3 e6 3.Nf3 Bb7 4.e4 Bb4 5.d3 Ne7 6.Qb3 a5 7.a3 a4 8.Qc2 Bxc3+
9.Qxc3 O-O 10.Be2 d5 11.exd5 exd5 12.O-O Nbc6 13.b4 axb3 14.Qxb3 Nf5 15.Qb2 Re8
16.Bf4 dxc4 17.dxc4 Ncd4 18.Nxd4 Nxd4 19.Be3 Nf5 20.Bf4 Nd4 21.Be3 Nxe2+
22.Qxe2 Qh4 23.Rfd1 Qe4 24.Qf1 Re6 25.Rd4 Qf5 26.Qd3 Be4 27.Rd8+ Re8 28.Rxa8 Rxa8
29.Qd2 Qg6 30.f4 h6 31.c5 b5 32.g3 Bc6 33.Qd4 Qc2 34.Bf2 Qb3 35.Qe3 Qd5  0-1

[Event "Open"]
[Site "Bled SLO"]
[Date "2001.04.01"]
[Round "9"]
[White "Caoili,A"]
[Black "Breder,D"]
[Result "0-1"]
[WhiteElo "2132"]
[BlackElo "2383"]

1.c4 b6 2.Nc3 Bb7 3.d4 e6 4.Nf3 Nf6 5.a3 d5 6.Bg5 Be7 7.Qa4+ c6 8.Bxf6 Bxf6
9.e4 dxc4 10.Bxc4 Bxd4 11.Nb5 Bc5 12.Rd1 Qc8 13.b4 Be7 14.Nbd4 b5 15.Nxb5 cxb5
16.Bxb5+ Kf8 17.O-O Bxe4 18.Ne5 Qc7 19.Rc1 Qb7 20.Qa5 g6 21.Rc4 f6 22.Rfc1 fxe5
23.Ba4 Bd5 24.Rc8+ Kg7 25.R8c7 Qb6 26.Rxe7+ Kf6 27.Rcc7 Qxa5 28.bxa5 Na6
29.Kf1 Kg5 30.Rc3 h5 31.Bb5 Nb8 32.Rcc7 a6 33.Ba4 Be4 34.g3 Bf5 35.h4+ Kh6
36.Rg7 e4 37.Be8 e5 38.Ba4 Nd7 39.Bxd7 Kxg7  0-1

[Event "Bank Pocztowy Open A"]
[Site "Bydgoszcz POL"]
[Date "2001.05.03"]
[Round "6"]
[White "Mickiewicz,P"]
[Black "Staniszewski,Pi"]
[Result "0-1"]
[WhiteElo "2239"]
[BlackElo "2448"]

1.c4 b6 2.Nf3 Bb7 3.e3 e6 4.Be2 Nf6 5.b3 Be7 6.Bb2 O-O 7.O-O d5 8.d3 c5 9.Nbd2 Nc6
10.Rc1 d4 11.exd4 cxd4 12.a3 a5 13.Re1 e5 14.Bf1 Qc7 15.g3 Nd7 16.g4 Nc5
17.Ne4 Ne6 18.Ng3 Rfe8 19.h4 Bf8 20.Rc2 Nf4 21.Bc1 Qd7 22.Ng5 f6 23.N5e4 Qf7
24.Nf5 Rad8 25.c5 bxc5 26.Nxc5 Ba8 27.h5 g6 28.hxg6 hxg6 29.Ng3 Bxc5 30.Rxc5 Kg7
31.Qc2 Qd7 32.f3 Ne6 33.Rc4 Rh8 34.Re2 Ne7 35.Ne4 Bd5 36.g5 fxg5 37.Nxg5 Nc6
38.Rxc6 Bxc6 39.Rxe5 Nxg5 40.Bxg5 Rde8 41.Rxe8 Rxe8 42.Qh2 Qf7 43.Bf4 Qf5
44.Qh6+ Kg8 45.Kf2 Re7 46.Kg3 g5 47.Qxc6 Qxf4+ 48.Kg2 Kg7 49.b4 Rc7 50.Qa4 axb4
51.axb4 Qc1 52.Be2 Qd2 53.Qe8 Qe3 54.Qxe3 dxe3 55.d4 Rc2 56.Kf1 Rd2 57.b5 Rxd4
58.Ke1 Kf6 59.Bf1 Ke5 60.Ke2 Kf4 61.Bh3 Rd2+ 62.Ke1 Rb2 63.Bd7 Kxf3 64.Bc6+ Kf4
65.Kf1 g4 66.Kg1 Rb1+  0-1

[Event "TCh-YUG Women"]
[Site "Herceg Novi YUG"]
[Date "2001.05.21"]
[Round "8"]
[White "Cvijovic,V"]
[Black "Kalevic,S"]
[Result "0-1"]
[WhiteElo "2161"]
[BlackElo "2266"]

1.c4 b6 2.Nc3 Bb7 3.b3 Nf6 4.Bb2 e6 5.e3 Be7 6.Nf3 O-O 7.Be2 d5 8.O-O Nbd7
9.d4 Ne4 10.Qc2 Ndf6 11.Nxe4 Nxe4 12.Bd3 Rc8 13.Qe2 c5 14.Nd2 f5 15.Bxe4 dxe4
16.Rad1 Qc7 17.dxc5 Bxc5 18.f4 Rfd8 19.Be5 Qc6 20.Nb1 Rd3 21.Rxd3 exd3 22.Qd2 Bxe3+
23.Rf2  0-1

[Event "FSIM June"]
[Site "Budapest HUN"]
[Date "2001.06.09"]
[Round "8"]
[White "Dobos,J"]
[Black "Jamrich,G"]
[Result "1/2-1/2"]
[WhiteElo "2310"]
[BlackElo "2271"]

1.c4 b6 2.Nc3 Bb7 3.e4 e6 4.Nf3 Bb4 5.Bd3 d6 6.Qa4+ Nc6 7.Bb1 Bxc3 8.bxc3 Nf6
9.d3 O-O 10.Bg5 h6 11.Bh4 g5 12.Bg3 e5 13.Qd1 Ne7 14.Nd2 Kg7 15.Nf1 Ng6 16.Ne3 Bc8
17.f3 c6 18.Bc2 Be6 19.O-O h5 20.Nf5+ Bxf5 21.exf5 Nf4 22.d4 h4 23.Bf2 c5
24.g3 Nh3+ 25.Kg2 Nxf2 26.Kxf2 hxg3+ 27.hxg3 Rh8 28.Kg2 Nd7 29.Qd2 Qf6 30.Ba4 Rad8
31.Bxd7 Rxd7 32.dxc5 Qxf5 33.g4 Qf4 34.Qxf4 gxf4 35.cxb6 axb6 36.Rab1 Ra8
37.Rf2 Ra6 38.Rd2 Kf6 39.Kf2 Ke7 40.Ke2 Rc7 41.Kd3 Rc6 42.Rb4 Ke6  1/2-1/2

[Event "43rd Tch-POR"]
[Site "Barreiro POR"]
[Date "2001.06.16"]
[Round "3"]
[White "Andrade,J"]
[Black "Santos,CP"]
[Result "1/2-1/2"]
[WhiteElo "2195"]
[BlackElo "2425"]

1.c4 b6 2.Nf3 Bb7 3.g3 Bxf3 4.exf3 c5 5.d4 cxd4 6.Qxd4 Nc6 7.Qd1 g6 8.Bg2 Bg7
9.O-O Nh6 10.Bxh6 Bxh6 11.Nc3 O-O 12.f4 Bg7 13.Qd2 Rc8 14.Rad1 Nd4 15.b3 e6
16.Ne2 Nxe2+ 17.Qxe2 Qc7 18.Rd3 Rfd8 19.Rfd1 d6 20.h4 Qc5 21.Bf3 Bf8 22.a4 h5
23.Be4 Re8 24.g4 d5 25.cxd5 exd5 26.Rxd5 Qe7 27.Re5 Qxh4 28.gxh5 Qxf4 29.Rxe8 Rxe8
30.f3 Qg5+ 31.Qg2 Qxh5 32.Rd5 Bc5+ 33.Kf1 Qh8 34.Bxg6 Kf8 35.Bb1 Qh4 36.Be4 Qf6
37.Qg5 Qxg5 38.Rxg5  1/2-1/2

[Event "zt 2.4 Playoff Rapid"]
[Site "Sao Paulo BRA"]
[Date "2001.06.17"]
[Round "1"]
[White "Milos,G"]
[Black "Lima,Da"]
[Result "1/2-1/2"]
[WhiteElo "2608"]
[BlackElo "2550"]

1.c4 b6 2.d4 Bb7 3.Nc3 e6 4.a3 f5 5.d5 Nf6 6.g3 Na6 7.Bg2 Nc5 8.Nh3 Bd6 9.O-O Be5
10.Qc2 O-O 11.Nf4 Qe8 12.Bd2 Nce4 13.Rad1 Nxd2 14.Qxd2 Bxc3 15.Qxc3 e5 16.Nd3 d6
17.f4 e4 18.Nb4 Rc8 19.b3 b5 20.Qd4 a5 21.Nc2 bxc4 22.bxc4 Nd7 23.Ne3 Nc5
24.Bh3 Qg6 25.Kh1 h5 26.Rb1 Ba6 27.Rb2 Qh7 28.Rfb1 g6 29.Kg1 Qg7 30.Qd2 Na4
31.Rb3 Nc5  1/2-1/2

[Event "zt 2.4 Playoff Rapid"]
[Site "Sao Paulo BRA"]
[Date "2001.06.17"]
[Round "3"]
[White "Milos,G"]
[Black "Lima,Da"]
[Result "1/2-1/2"]
[WhiteElo "2608"]
[BlackElo "2550"]

1.c4 b6 2.d4 Bb7 3.Nf3 e6 4.g3 Bxf3 5.exf3 d5 6.f4 g6 7.Bg2 Ne7 8.Nc3 c6
9.cxd5 cxd5 10.Qa4+ Qd7 11.Qxd7+ Kxd7 12.Be3 Nbc6 13.O-O-O Bg7 14.g4 h5 15.h3 hxg4
16.hxg4 Rxh1 17.Bxh1 Rh8 18.Bf3 Rh4 19.Kc2 f5 20.g5 Bxd4 21.Bxd5 exd5 22.Bxd4 Rxf4
23.Be3 Rf3 24.Ne2 Rh3 25.Nf4 Rh2 26.Nxd5 Nxd5 27.Rxd5+ Ke6 28.Rd2 Rh3 29.Bf4 Nb4+
30.Kd1 Nd3 31.Bg3 Rh1+ 32.Ke2 Ne5 33.Rd8 Nd7 34.Kd2 Nc5 35.Rd6+ Kf7 36.f3 Ne6
37.Rd7+ Ke8 38.Rxa7 Nxg5 39.Ke2 Rg1 40.Be5 Rg2+ 41.Ke3 Nf7 42.Bd4 g5 43.b4 Nd6
44.Kd3 b5 45.a4 bxa4 46.Rxa4 Rg3 47.Be5 Rxf3+ 48.Ke2 Nc4 49.Kxf3 Nxe5+ 50.Kg2 Kd7
51.b5 Kc7 52.Ra6 Kb7 53.Re6 Nc4 54.Rf6 Na3 55.Rxf5 Kb6 56.Rxg5 Nxb5 57.Kf3 Kc6
58.Ke3 Nc7 59.Kd3 Nb5 60.Rh5 Nd6 61.Kc3 Nb5+ 62.Kb4 Nd6 63.Rc5+ Kd7 64.Re5 Kc6  1/2-1/2

[Event "12th Open"]
[Site "Ljubljana SLO"]
[Date "2001.06.24"]
[Round "2"]
[White "Kaspret,G"]
[Black "Cosic,R"]
[Result "1-0"]
[WhiteElo "2318"]
[BlackElo "2105"]

1.c4 b6 2.d4 e6 3.Nc3 Bb4 4.a3 Bxc3+ 5.bxc3 Nf6 6.f3 O-O 7.e4 d6 8.Bg5 Nc6
9.Nh3 e5 10.Nf2 h6 11.Be3 Ba6 12.Bd3 Na5 13.Qe2 Qd7 14.a4 Qe6 15.d5 Qe8 16.O-O c6
17.c5 Bxd3 18.Qxd3 dxc5 19.c4 Rd8 20.Rfb1 Qe7 21.Qc2 Rd6 22.Bd2 Nb7 23.a5 cxd5
24.exd5 bxa5 25.Bxa5 Rd7 26.Bd2 Nd6 27.Be3 Rc8 28.Ra5 Rdc7 29.Rba1 Nfe8 30.g4 f6
31.h3 Kh8 32.Kg2 g5 33.R1a4 h5 34.Qg6 Ng7 35.Ne4 Nxe4 36.fxe4 Rb7 37.Ra6 Ne8
38.Qxh5+ Kg7 39.Bxg5 Kg8 40.Qg6+ Qg7 41.Qxg7+ Kxg7 42.Be3 Rb3 43.Kf2 Kg8
44.h4 Rcb8 45.Ra3 Rxa3 46.Rxa3 Nd6 47.Kf3 Nxc4 48.Rc3 Nxe3 49.Kxe3 Rb5 50.Ra3 Rb7
51.Kd3 Rg7 52.d6 Kf8 53.Kc4 Rxg4 54.Kd5 Rg7 55.Ke6 Rb7 56.Ra5 c4 57.Rc5 Rb6
58.Rc8+ Kg7 59.Ke7 f5 60.exf5 Rb7+ 61.Rc7 Rb8 62.f6+  1-0